| 000 | 01517nam a2200481 i 4500 | ||
|---|---|---|---|
| 001 | 53049 | ||
| 003 | KOSZ 005 | ||
| 005 | 20210313132418.0 | ||
| 008 | 060725s2005 pl a f |000 0 pol | ||
| 015 | _aUWD 2006/15674 | ||
| 020 | _a8389246740 | ||
| 035 | _a991031144159705066 | ||
| 035 | _a(PL-WaBN)b18381546-48omnis_nlop | ||
| 035 | _ab18381546 | ||
| 035 | _a(OCoLC)749675342 | ||
| 035 | _a(PL)b0000001838154 | ||
| 035 | _a(EXLNZ-48OMNIS_NETWORK)9910240691705606 | ||
| 040 |
_aWA N _cWA N _dKOSZ 005/HR |
||
| 041 | 0 |
_apol _beng |
|
| 046 | _k2005 | ||
| 080 | _a621.73 | ||
| 080 | _a519.61/.64 | ||
| 080 | _a004.94 | ||
| 100 | 1 |
_aGontarz, Andrzej _d(1966- ) _eAutor |
|
| 245 | 1 | 0 |
_aEfektywne procesy kształtowania w trójsuwakowej prasie kuźniczej / _cAndrzej Gontarz. |
| 260 |
_aLublin : _bWydawnictwo Uczelniane Politechniki Lubelskiej, _c2005. |
||
| 300 |
_a181 s. : _bil. ; _c25 cm. |
||
| 336 |
_aTekst _btxt _2rdacontent |
||
| 337 |
_aBez urządzenia pośredniczącego _bn _2rdamedia |
||
| 338 |
_aWolumin _bnc _2rdacarrier |
||
| 380 | _aKsiążki | ||
| 388 | _a2001- | ||
| 504 | _aBibliogr. s. 169-181. | ||
| 546 | _aStreszcz. ang. | ||
| 650 | 7 |
_aAnaliza numeryczna _2DBN |
|
| 650 | 7 |
_aKuźnictwo _2DBN |
|
| 650 | 7 | _aPrasy | |
| 650 | 7 |
_aSymulacja _2DBN |
|
| 658 | _aInżynieria i technika | ||
| 856 |
_uhttp://koha.tu.koszalin.pl/cgi-bin/koha/opac-detail.pl?biblionumber=53049 _yKatalog online BPK |
||
| 942 |
_2UKD _cKS |
||
| 999 |
_c53049 _d53049 |
||